Digital signal processing/ (Record no. 572)
[ view plain ]
| 000 -LEADER | |
|---|---|
| fixed length control field | 00479nam a22001577a 4500 |
| 020 ## - ISBN | |
| International Standard Book Number | 9781259098581 |
| 050 ## - LIBRARY OF CONGRESS CALL NUMBER | |
| Classification Number | TK5102.9 |
| Item Number | .M57 2011 |
| 100 ## - MAIN ENTRY--Author | |
| Personal name | Mitra, K. Sanjit |
| 245 ## - TITLE | |
| Title | Digital signal processing/ |
| Remainder of title | a computer -based approach |
| Statement of responsibility, etc | Sanjit Mitra |
| 250 ## - EDITIONSTATEMENT | |
| Edition statement | 4th ed. |
| 260 ## - PUBLICATION, DISTRIBUTION, ETC.(IMPRINT) | |
| Place of publication, distribution, etc | New Delhi; Newyork: |
| Name of publisher, distributor, etc | McGraw- Hill, |
| Date of publication, distribution, etc | 2011. |
| 300 ## - PHYSICAL DESCRIPTION | |
| Extent | xiv, 940p.: |
| 500 ## - GENERALNOTE | |
| General note | Includes Index |
| 650 ## - SUBJECT--TOPIC | |
| Form subdivision | 1.Signal processing-Digital techniques-Data processing.2. MATLAB. |
| 942 ## - ADDED ENTRY ELEMENTS(KOHA) | |
| Koha item type | General circulation |
| Source of classification or shelving scheme | Not for loan | Location (home branch) | Sublocation (holding branch) | Date accessioned | Cost, normal purchase price | Full call number | Barcode | Copy number | Cost, replacement price | Koha item type | Public note |
|---|---|---|---|---|---|---|---|---|---|---|---|
| Library of Congress Classification | Kitui Town Campus Library | Kitui Town Campus Library | 08/11/2016 | [KIT ]TK5102.9 .M57 2011 | 2015/007475 | CD/DVD-ROMs | |||||
| Library of Congress Classification | Main Campus Library | Main Campus Library | 07/08/2014 | 4350.00 | TK5102.9 .M57 2011 | 2017/020728 | C1 | 4750.00 | General circulation | sm | |
| Library of Congress Classification | Main Campus Library | Main Campus Library | 07/08/2014 | 4350.00 | TK5102.9 .M57 2011 | 2017/020729 | C2 | 4750.00 | General circulation | sm |